| 000 | 00927cam a2200253 4500 | ||
|---|---|---|---|
| 001 | WB3804-06 | ||
| 008 | 020130n2002 000 0 eng u | ||
| 035 | _a(Sirsi) u116545 | ||
| 245 | _aUK euro adoption would boost investment | ||
| 260 | _c2002 | ||
| 490 |
_aEstates Gazette _v(0204) 25 January 2002, 38(1) |
||
| 520 | _aAccording to research - "The euro and property" from CB Hillier Parker, on the subject of the UK's entry into the single currency. Improved long-term returns on property, reduced currency risks and increased inward investment would follow the UK's euro adoption. http://www.cbhillierparker.com | ||
| 590 | _aWB | ||
| 650 | _aINWARD INVESTMENT | ||
| 650 | _aEURO | ||
| 650 | _aSINGLE CURRENCY | ||
| 650 | _aEUROPE | ||
| 650 | _aCURRENCY RISKS | ||
| 650 | _aPAN-EUROPEAN MARKET | ||
| 650 | _aPROPERTY YIELDS | ||
| 650 | _aEUROPEAN INVESTORS | ||
| 690 | _aECONOMIC ISSUES | ||
| 942 | _n0 | ||
| 999 |
_c69400 _d69400 |
||